Statistiques concernant Pays les plus proches du Tchad

Cliquez ici pour prendre le quiz!

Statistiques générales

  • Ce quiz a été pris 485 fois
  • Le résultat moyen est 16 sur 20

Statistiques - réponses

kmpays% Correct
312Algérie
98%
0Niger
96%
0Soudan
96%
293Égypte
95%
0Libye
95%
0Nigeria
94%
167Soudan du Sud
93%
337République démocratique
du Congo
92%
432Congo
90%
1018Mali
88%
0République Centrafricaine
88%
961Tunisie
87%
0Cameroun
84%
1159Éthiopie
82%
1336Érythrée
76%
636Gabon
69%
1205Ouganda
68%
1237Burkina Faso
60%
754Guinée équatoriale
58%
1103Sao Tomé-et-Principe
30%

Distribution des résultats

Percentile par nombre de réponses

% des personnes avec chaque résultat

Votre développement - résultats

Vous n’avez pas pris ce quiz